000 00566nam a2200145Ia 4500
008 140724s9999 xx 000 0 und d
050 _aBF 698.4
_b.Es81 2013
100 _aEstillore, Catherine D.
245 _aPersonality types and emotional intelligence of selected college students of Southville International School and Colleges with OFW Parents /
_cCatherine D. Estillore.
260 _aLas PiƱas, Philippines :
_bSouthville International School and Colleges,
_cc2013.
300 _a83 p. :
_c28 cm.
521 _aPsychology
942 _cTH
999 _c229303
_d229303